000
00358nam a2200133Ia 4500
008
231129s9999||||xx |||||||||||||| ||spa||
020
_a
84-276-1252-4
040
_b
spa
082
_a
882 A716a
100
_a
Aristofanes.
245
0
_a
Las avispas; La paz; Las aves; Lasistrata
264
_a
Nacional
942
_2
ddc
_c
BKS
999
_c
18606
_d
18606